| LEADER | 00823nam a2200205 a 4500 | ||
|---|---|---|---|
| 001 | GR-MES6125 | ||
| 008 | 991229s gr 000 0 gre d | ||
| 020 | |a 9602486856 | ||
| 040 | |a GrPaTEI |b gre |c GR-PaULI | ||
| 040 | |a GrPaTEI |b gre |c GR-PaULI | ||
| 082 | 0 | |a 949.504 |2 21 | |
| 100 | 1 | |a Κούρος, Αθανάσιος Χ. | |
| 245 | 1 | 2 | |a Ο Μυστράς / |c Αθανάσιος Χ. Κούρος. |
| 260 | |a Αθήνα : |b Δωδώνη, |c 1994 | ||
| 300 | |a 67 σ. ; |c 22 εκ. | ||
| 651 | 4 | |a Μυστράς |x Ιστορία | |
| 942 | |2 ddc | ||
| 952 | |0 0 |1 0 |2 ddc |4 0 |6 949_504000000000000_ΚΟΥ |7 0 |9 276501 |a MSLG |b MSLG |c BSC |d 2021-01-17 |e 24 |f 0 |g 0.00 |l 0 |o 949.504 ΚΟΥ |p 2420000011054 |r 2021-01-17 00:00:00 |t 1 |w 2021-01-17 |y 7 |x 19991229 0 ΤΣΑΝΤΑΡΛΙΩΤΗ 1 |x GrPaTEI | ||
| 971 | |a .b25845937 |b 08-10-20 |c 14-09-16 | ||
| 999 | |c 160426 |d 160426 | ||